01011nam a2200289Ia 450000500170000000800570001702000180007404100080009210000190010024500760011925000190019530000470021465000410026165000420030265000350034465000330037965000380041265000410045065000400049170000220053126400330055333600270058633700330061333800280064604000350067408400120070920220317000024.0000030 2008 ck a g spa spa a9789583002960 aspa1 aRomán, Celso14aLas cosas de la casabCelso Román ; ilustrado por de Henry González a1a. edición  a87 páginasbilustraciones a colorc20 cm142LEMBaCuentos infantiles colombianos142LEMBaLiteratura infantil colombiana 142LEMBaMuebles en la literatura142LEMBaCasas en la literatura142LEMBaFantasía en la literatura142LEMBaImaginación en la literatura142LEMBaLibros y lectura para niños1 aGonzález, Henry aBogotábPanamericanac2008 atextobtxt2rdacontent asin mediaciónbn2rdamedia avolumenbnc2rdacarrier aCO-BoRNBPbspaerdacCO-BoRNBP aC ROM1